[Event "Astana WGP 2022"]
[Site "Astana KAZ"]
[Date "2022.09.18"]
[Round "1.5"]
[White "Tan, Zhongyi"]
[Black "Zhu, Jiner"]
[Result "1/2-1/2"]
[WhiteTitle "GM"]
[BlackTitle "WGM"]
[WhiteElo "2525"]
[BlackElo "2464"]
[WhiteFideId "8603642"]
[BlackFideId "8608059"]
[EventDate "2022.09.18"]

1. d4 Nf6 2. c4 e6 3. Nc3 Bb4 4. e3 O-O 5. Ne2 c6 6. a3 Ba5 7. c5 d5 8. cxd6
Qxd6 9. b4 Bb6 10. g3 a5 11. bxa5 Bxa5 12. Bg2 e5 13. O-O exd4 14. exd4 Be6 15.
Qc2 Nbd7 16. Bf4 Qe7 17. Rfb1 Nb6 18. Bg5 h6 19. Bxf6 Qxf6 20. Ne4 Qf5 21. Nf4
Bd5 22. Qd3 Rfd8 23. Rc1 Bxe4 24. Bxe4 Qf6 25. Ne2 Nc8 26. Qf3 Qxf3 27. Bxf3 Bb6
28. Rd1 Nd6 29. a4 Ra5 30. d5 c5 31. Rab1 Ba7 32. Nc3 c4 33. Rd2 Bc5 34. Kg2 g5
35. Be2 b6 36. Rc2 Bd4 37. Rb4 Kg7 38. Nb5 Nxb5 39. axb5 Rxd5 40. Rbxc4 Bc5 41.
Re4 Ra7 42. h4 1/2-1/2

[Event "Astana WGP 2022"]
[Site "Astana KAZ"]
[Date "2022.09.19"]
[Round "2.1"]
[White "Shuvalova, Polina"]
[Black "Paehtz, Elisabeth"]
[Result "1-0"]
[WhiteTitle "IM"]
[BlackTitle "IM"]
[WhiteElo "2510"]
[BlackElo "2477"]
[WhiteFideId "24171760"]
[BlackFideId "4641833"]
[EventDate "2022.09.18"]

1. e4 c5 2. Nf3 e6 3. d4 cxd4 4. Nxd4 Nc6 5. Nc3 d6 6. Be3 Nf6 7. Be2 Be7 8. O-O
O-O 9. f4 e5 10. Nxc6 bxc6 11. Qd2 exf4 12. Rxf4 Be6 13. Rff1 Re8 14. h3 Nd7 15.
Nd1 Ne5 16. Nf2 a5 17. b3 a4 18. Bd4 c5 19. Bc3 Bg5 20. Qd1 Qb6 21. Kh1 Be3 22.
bxa4 Bd4 23. Rb1 Qa7 24. Bxd4 cxd4 25. Bb5 Rec8 26. Rb4 Bc4 27. Nd3 Bxa2 28. Rf2
Be6 29. Rd2 Rc3 30. Nf4 d3 31. cxd3 Qe3 32. Nxe6 fxe6 33. Rb1 Rf8 34. Qe1 Qf4
35. Re2 Ra3 36. Qd2 Qg3 37. Re3 Qf4 38. Rbe1 Rf6 39. Qc1 Ra2 40. Qc8+ Kf7 1-0

[Event "Astana WGP 2022"]
[Site "Astana KAZ"]
[Date "2022.09.19"]
[Round "2.2"]
[White "Zhu, Jiner"]
[Black "Wagner, Dinara"]
[Result "1-0"]
[WhiteTitle "WGM"]
[BlackTitle "WGM"]
[WhiteElo "2464"]
[BlackElo "2358"]
[WhiteFideId "8608059"]
[BlackFideId "24157570"]
[EventDate "2022.09.18"]

1. e4 c5 2. Nf3 d6 3. d4 cxd4 4. Nxd4 Nf6 5. f3 e5 6. Nb3 d5 7. Bg5 Be6 8. Bxf6
gxf6 9. exd5 Qxd5 10. Qxd5 Bxd5 11. Nc3 Be6 12. O-O-O Nd7 13. Nb5 Bh6+ 14. Kb1
Ke7 15. Nc7 Rac8 16. Nd5+ Bxd5 17. Rxd5 Nb6 18. Rb5 Rc7 19. Bd3 Nc8 20. Re1 Nd6
21. Rb4 Kf8 22. a4 Bg5 23. g3 Re7 24. h4 Bh6 25. Rd1 Rd7 26. Bf5 Rd8 27. Na5 Ke8
28. Rxd6 Rxd6 29. Rxb7 a6 30. Nc6 Kf8 31. Ne7 Be3 32. Be4 Rb6 33. Rc7 Rb8 34.
Nf5 Bb6 35. Rd7 Bd4 36. b3 h5 37. Nd6 Bc5 38. Rxf7+ Kg8 39. Rxf6 Rd8 40. Nf5 a5
41. Bd3 1-0

[Event "Astana WGP 2022"]
[Site "Astana KAZ"]
[Date "2022.09.19"]
[Round "2.3"]
[White "Abdumalik, Zhansaya"]
[Black "Tan, Zhongyi"]
[Result "1/2-1/2"]
[WhiteTitle "GM"]
[BlackTitle "GM"]
[WhiteElo "2503"]
[BlackElo "2525"]
[WhiteFideId "13703544"]
[BlackFideId "8603642"]
[EventDate "2022.09.18"]

1. e4 e5 2. Nf3 Nc6 3. d4 exd4 4. Nxd4 Nf6 5. Nxc6 bxc6 6. e5 Qe7 7. Qe2 Nd5 8.
c4 Nb6 9. Nc3 a5 10. h4 a4 11. Bg5 Qe6 12. Rh3 Ba6 13. b3 Bb4 14. Re3 O-O 15.
Rc1 axb3 16. axb3 Bb7 17. Qc2 h6 18. Bf4 Bc5 19. Rg3 Bd4 20. Qe4 Bxc3+ 21. Rgxc3
d5 22. cxd5 Nxd5 23. Rg3 Rfe8 24. Bc4 Ba6 25. Bxd5 cxd5 26. Qd4 Bb5 27. Rxc7 Ra2
28. Bd2 Qf5 29. Re3 Rc8 30. Rxc8+ Qxc8 31. f3 Qc2 32. Qxd5 Qb1+ 33. Kf2 Qd1 34.
Qxb5 Qxd2+ 35. Re2 Qd4+ 36. Kf1 Qd1+ 37. Kf2 Qd4+ 38. Kf1 Qd1+ 39. Kf2 Qd4+ 1/2-1/2

[Event "Astana WGP 2022"]
[Site "Astana KAZ"]
[Date "2022.09.19"]
[Round "2.4"]
[White "Kosteniuk, Alexandra"]
[Black "Assaubayeva, Bibisara"]
[Result "0-1"]
[WhiteTitle "GM"]
[BlackTitle "IM"]
[WhiteElo "2521"]
[BlackElo "2443"]
[WhiteFideId "4128125"]
[BlackFideId "13708694"]
[EventDate "2022.09.18"]

1. e4 c5 2. Nf3 d6 3. d4 cxd4 4. Nxd4 Nf6 5. Nc3 a6 6. Be2 e5 7. Nb3 Be7 8. O-O
O-O 9. Be3 Be6 10. Nd5 Nxd5 11. exd5 Bf5 12. Qd2 a5 13. f4 exf4 14. Rxf4 Bg6 15.
Ra4 Bf6 16. Rxa5 Rxa5 17. Nxa5 Bxb2 18. Rb1 Qf6 19. Nc4 Bc3 20. Bg5 Qf5 21. Qxc3
Qxg5 22. Bf3 Nd7 23. Nxd6 Ne5 24. Be4 Rd8 25. Bxg6 hxg6 26. Nxb7 Rxd5 27. Qc8+
Kh7 28. Qh3+ Kg8 29. Qc8+ Kh7 30. Qh3+ Kg8 31. Qg3 Qd2 32. Qf2 Qc3 33. Nd6 Ng4
34. Ne4 Qc7 35. Qb6 Qxb6+ 0-1

[Event "Astana WGP 2022"]
[Site "Astana KAZ"]
[Date "2022.09.19"]
[Round "2.5"]
[White "Vaishali, R"]
[Black "Kashlinskaya, Alina"]
[Result "0-1"]
[WhiteTitle "IM"]
[BlackTitle "IM"]
[WhiteElo "2449"]
[BlackElo "2491"]
[WhiteFideId "5091756"]
[BlackFideId "4198026"]
[EventDate "2022.09.18"]

1. e4 e5 2. Nf3 Nc6 3. Bc4 Nf6 4. d3 Bc5 5. Bg5 h6 6. Bh4 a6 7. c3 d6 8. a4 Ba7
9. Nbd2 g5 10. Bg3 O-O 11. O-O g4 12. Bh4 Kg7 13. Kh1 Ne7 14. Bxf6+ Kxf6 15. Nh4
Ng6 16. Nf5 d5 17. Bxd5 Bxf5 18. exf5 Qxd5 19. fxg6 Qxd3 20. f3 Kxg6 21. fxg4 e4
22. Qe1 Rae8 23. Rf5 Re6 24. Nf1 e3 25. Rd1 Qc2 26. Ng3 e2 27. Rd7 Qxa4 28. Rd2
Rfe8 29. h3 Qc4 30. Nh5 Re3 31. Rf4 R8e4 32. Rf6+ Kh7 33. Rd7 Re7 34. Rd2 Rd3
35. Kh2 Rxd2 36. Qxd2 Bg1+ 37. Kh1 Be3 38. g5 hxg5 39. Qe1 Bd2 40. Qb1+ Kg8 0-1

[Event "Astana WGP 2022"]
[Site "Astana KAZ"]
[Date "2022.09.19"]
[Round "2.6"]
[White "Goryachkina, Aleksandra"]
[Black "Lagno, Kateryna"]
[Result "1/2-1/2"]
[WhiteTitle "GM"]
[BlackTitle "GM"]
[WhiteElo "2579"]
[BlackElo "2547"]
[WhiteFideId "4147103"]
[BlackFideId "14109336"]
[EventDate "2022.09.18"]

1. e4 c5 2. Nf3 e6 3. c3 Nf6 4. e5 Nd5 5. d4 cxd4 6. cxd4 d6 7. Bc4 Be7 8. O-O
O-O 9. Qe2 Nc6 10. Nc3 dxe5 11. dxe5 Nxc3 12. bxc3 Qc7 13. Bd3 b6 14. Re1 Bb7
15. Ng5 Bxg5 16. Bxg5 Nxe5 17. Qxe5 Qxe5 18. Rxe5 f6 19. Rxe6 fxg5 20. Bc4 Kh8
21. Re7 Bc6 22. h3 Rf4 23. Be6 Re4 24. Rd1 Re8 25. Rxe8+ Bxe8 26. Bd7 g6 27. f3
Re7 28. Bxe8 Rxe8 29. Rd7 Rc8 30. Rxa7 Rxc3 1/2-1/2

[Event "Astana WGP 2022"]
[Site "Astana KAZ"]
[Date "2022.09.20"]
[Round "3.1"]
[White "Lagno, Kateryna"]
[Black "Shuvalova, Polina"]
[Result "1-0"]
[WhiteTitle "GM"]
[BlackTitle "IM"]
[WhiteElo "2547"]
[BlackElo "2510"]
[WhiteFideId "14109336"]
[BlackFideId "24171760"]
[EventDate "2022.09.18"]

1. e4 e5 2. Nf3 Nc6 3. Bb5 a6 4. Ba4 Nf6 5. O-O Be7 6. Re1 b5 7. Bb3 O-O 8. a4
Rb8 9. c3 d6 10. d4 b4 11. Nbd2 bxc3 12. bxc3 exd4 13. cxd4 Bg4 14. h3 Bh5 15.
Qc2 Nb4 16. Qc3 Bg6 17. Ba3 d5 18. e5 Ne4 19. Nxe4 Bxe4 20. Nd2 Bg6 21. Nf3 Nd3
22. Bxe7 Qxe7 23. Re3 Nf4 24. g3 Nxh3+ 25. Kg2 Ng5 26. Nxg5 Qxg5 27. Bxd5 Rbd8
28. Bb7 Qg4 29. d5 Rfe8 30. Rae1 Re7 31. Qc5 Ree8 32. Qxc7 h5 33. Bc6 Rf8 34.
Qe7 Qc4 35. Qh4 Qc2 36. Qf4 Rb8 37. R3e2 Qc3 38. Qe3 Bd3 39. Rd2 Rb3 40. Red1
Bc2 41. Qxc3 Rxc3 42. Re1 Rd8 43. Ree2 Bb3 44. Re3 Rxc6 45. Rxb3 Rc4 46. f4 h4
47. a5 hxg3 48. Kxg3 g5 49. f5 Kf8 50. Re3 Rdc8 51. d6 1-0

[Event "Astana WGP 2022"]
[Site "Astana KAZ"]
[Date "2022.09.20"]
[Round "3.2"]
[White "Kashlinskaya, Alina"]
[Black "Goryachkina, Aleksandra"]
[Result "0-1"]
[WhiteTitle "IM"]
[BlackTitle "GM"]
[WhiteElo "2491"]
[BlackElo "2579"]
[WhiteFideId "4198026"]
[BlackFideId "4147103"]
[EventDate "2022.09.18"]

1. d4 d5 2. c4 c6 3. Nf3 Nf6 4. Nc3 dxc4 5. a4 e6 6. e3 c5 7. Bxc4 cxd4 8. exd4
Nc6 9. O-O Be7 10. Qe2 O-O 11. Rd1 Nb4 12. Bg5 a5 13. Ne5 Nfd5 14. Bxe7 Qxe7 15.
Ne4 b6 16. Ra3 Bb7 17. Rg3 f6 18. Nd3 Nxd3 19. Qxd3 Rac8 20. Bb3 Nb4 21. Qe2 Bd5
22. Re1 Bxb3 23. Rxb3 Rfd8 24. Rc3 Qd7 25. h3 Nd5 26. Rxc8 Rxc8 27. Ng3 Rc6 28.
Nh5 Kf7 29. Ng3 Qc8 30. Qh5+ Kg8 31. Qg4 Rc1 32. Rxc1 Qxc1+ 33. Kh2 Qc6 34. Qe4
g6 35. b3 Kf7 36. Ne2 Ke7 37. g3 Qc7 38. Qh4 Qc2 39. Qg4 Nc3 40. Qf3 Nxe2 41.
Qb7+ Kf8 42. Qxb6 Qd1 43. Kg2 Qxd4 44. Qxe6 Qe5 45. Qc8+ Kf7 46. Qd7+ Kg8 47.
Qd8+ Kg7 48. Qd7+ Kh6 49. Qd2+ g5 50. Qd8 Nd4 51. Qf8+ Kg6 52. Qg8+ Kf5 53.
Qxh7+ Ke6 54. Qg8+ Kd7 55. Qa8 Qc5 56. Qg8 Qc6+ 57. Kg1 Qe6 58. Qh7+ Kc6 59. Qd3
Nxb3 60. h4 gxh4 61. gxh4 Qg4+ 62. Kf1 Nc5 63. Qb5+ Kd5 64. Qxa5 Qxh4 65. Qd8+
Kc4 66. Qc7 Qh1+ 67. Ke2 Qe4+ 68. Kf1 Qd4 69. a5 Qd1+ 70. Kg2 Qg4+ 71. Kf1 Qe6
72. Kg2 Kb5 73. Qd8 Nb7 74. Qb8 Qd5+ 75. Kg3 Kxa5 76. Kf4 Qg5+ 77. Kf3 Nc5 78.
Qb1 Qh5+ 79. Kg3 Qe5+ 80. f4 Qe6 81. Qb8 f5 82. Kh4 Qh6+ 83. Kg3 Ne4+ 84. Kg2
Qg6+ 85. Kf1 Qa6+ 86. Ke1 Qb5 87. Qa7+ Kb4 88. Qd4+ Qc4 89. Qb6+ Ka4 90. Qd8
Qc1+ 91. Ke2 Qc2+ 92. Ke1 Qf2+ 93. Kd1 Nc3+ 94. Kc1 Qxf4+ 95. Kc2 Nb5 96. Qf8
Qe4+ 97. Kb2 Qb4+ 0-1

[Event "Astana WGP 2022"]
[Site "Astana KAZ"]
[Date "2022.09.20"]
[Round "3.3"]
[White "Assaubayeva, Bibisara"]
[Black "Vaishali, R"]
[Result "1/2-1/2"]
[WhiteTitle "IM"]
[BlackTitle "IM"]
[WhiteElo "2443"]
[BlackElo "2449"]
[WhiteFideId "13708694"]
[BlackFideId "5091756"]
[EventDate "2022.09.18"]

1. d4 Nf6 2. c4 g6 3. Nc3 d5 4. Nf3 Bg7 5. e3 O-O 6. cxd5 Nxd5 7. Bc4 Nb6 8. Bb3
c5 9. O-O Nc6 10. dxc5 Nd7 11. Na4 b5 12. cxb6 axb6 13. Qc2 Na5 14. Rd1 b5 15.
Nc3 Bb7 16. Bd5 Qc8 17. Bxb7 Qxb7 18. Qe4 Qxe4 19. Nxe4 Nb6 20. Rb1 Nc6 21. a3
Nc4 22. Kf1 Rfb8 23. Nfd2 N6e5 24. Ke2 b4 25. f4 bxa3 26. fxe5 a2 27. Ra1 Nxb2
28. Bxb2 Rxb2 29. Nc5 Rc2 30. Nd3 Ra3 31. h3 f5 32. Rdc1 Bxe5 33. Nxe5 Rxc1 34.
Rxc1 a1=Q 35. Rxa1 Rxa1 36. Ndf3 1/2-1/2

[Event "Astana WGP 2022"]
[Site "Astana KAZ"]
[Date "2022.09.20"]
[Round "3.4"]
[White "Tan, Zhongyi"]
[Black "Kosteniuk, Alexandra"]
[Result "0-1"]
[WhiteTitle "GM"]
[BlackTitle "GM"]
[WhiteElo "2525"]
[BlackElo "2521"]
[WhiteFideId "8603642"]
[BlackFideId "4128125"]
[EventDate "2022.09.18"]

1. e4 e5 2. Nf3 Nc6 3. Bb5 a6 4. Ba4 Nf6 5. O-O Be7 6. Re1 b5 7. Bb3 O-O 8. c3
d5 9. exd5 Nxd5 10. Nxe5 Nxe5 11. Rxe5 Bb7 12. d4 Bf6 13. Re1 Qd6 14. Nd2 Rae8
15. Bc2 Rxe1+ 16. Qxe1 Qc6 17. Nf3 Re8 18. Qd1 Qd6 19. Bd3 c5 20. dxc5 Qxc5 21.
Bd2 g6 22. Rc1 Qd6 23. Bf1 Rd8 24. Bh6 Qc7 25. Qe1 Nf4 26. Nd4 Qd6 27. Qe3 Nd5
28. Qe2 Be5 29. Re1 Bxh2+ 30. Kh1 Qb8 31. Bg5 Rc8 32. Qg4 Be5 33. Bd3 Re8 34.
Re2 h5 35. Qd7 Nb6 36. Qh3 Bd6 37. f4 Rxe2 38. Nxe2 Qc8 39. f5 Nc4 40. Bxc4 Qxc4
41. Ng1 Qd5 42. Bf6 gxf5 43. Qf3 Qe4 44. Qf2 Kh7 45. b3 Kg6 46. Bd4 h4 47. Nf3
Bg3 48. Qd2 f6 49. Bf2 Bxf2 50. Qxf2 Kh5 51. Nd4 Kg6 52. Kh2 Bd5 53. Ne2 Kg5 54.
Nd4 Kg4 55. Kg1 f4 56. Kh2 Qe3 57. Qc2 Qg3+ 58. Kg1 Qe1+ 59. Kh2 Be4 60. Qb2
Qg3+ 61. Kg1 f3 62. c4 Qe1+ 63. Kh2 f2 0-1

[Event "Astana WGP 2022"]
[Site "Astana KAZ"]
[Date "2022.09.20"]
[Round "3.5"]
[White "Wagner, Dinara"]
[Black "Abdumalik, Zhansaya"]
[Result "1/2-1/2"]
[WhiteTitle "WGM"]
[BlackTitle "GM"]
[WhiteElo "2358"]
[BlackElo "2503"]
[WhiteFideId "24157570"]
[BlackFideId "13703544"]
[EventDate "2022.09.18"]

1. d4 Nf6 2. c4 e6 3. Nf3 d5 4. g3 Bb4+ 5. Bd2 Be7 6. Bg2 O-O 7. O-O c6 8. Qc2
Nbd7 9. b3 b6 10. Rd1 a5 11. Bc3 Ne4 12. Ne5 Nxe5 13. Bxe4 Ng6 14. Bg2 f5 15. e3
Ba6 16. Nd2 Nh8 17. f3 Bf6 18. Kh1 Ng6 19. Re1 Ra7 20. Rad1 Rd7 21. Bb2 Ne7 22.
f4 dxc4 23. bxc4 c5 24. Nf3 Qc8 25. dxc5 Rxd1 26. Rxd1 Qxc5 27. Ne5 Rc8 28. Nd7
Qxc4 29. Qxc4 Rxc4 30. Bxf6 gxf6 31. Nxf6+ Kg7 32. Nd7 Rc2 33. Nxb6 Rxa2 34. h3
Bb5 35. Rb1 Ba6 36. Nd7 a4 37. Nc5 Bc8 38. Rb8 a3 39. Ra8 Rc2 40. Ra7 Kf6 41.
Nd3 a2 42. g4 fxg4 43. hxg4 Rd2 44. g5+ Kg7 45. Rxe7+ Kf8 46. Ra7 Rd1+ 47. Kh2
a1=Q 48. Rxa1 Rxa1 49. Be4 Kg7 50. Kg3 Ra3 51. Kf3 h6 52. gxh6+ Kxh6 53. Ne5 Kg7
54. Nc6 Kf6 55. Nd4 Ba6 56. Bc6 Rc3 57. Be4 Bc4 58. Bb7 Ra3 59. Be4 Ra2 60. Bb7
Rb2 61. Bc6 Bf1 62. Kg3 Ra2 63. Bb7 Bd3 64. Bc6 Rb2 65. Kf3 Bg6 66. Kg3 Ra2 67.
Kf3 Ra3 68. Bb7 e5 69. fxe5+ Kxe5 70. Nc6+ Kf6 71. Nd4 Ra1 72. Bc6 Ke5 73. Kg3
Rf1 74. Nf3+ Kd6 75. Bb7 Rb1 76. Bc8 Kd5 77. Kf4 Rb8 78. Bf5 Bxf5 79. Kxf5 Rf8+
80. Kg4 Ke4 81. Ng5+ Kxe3 82. Kg3 Rf6 83. Kg4 Rf1 84. Nh3 Rf3 85. Ng5 Rf4+ 86.
Kg3 Ra4 87. Nf3 Ke4 88. Kg4 Ra8 89. Ng5+ Ke5 90. Nf3+ Kf6 91. Kf4 Ra4+ 92. Ke3
Kf5 93. Nd4+ Ke5 94. Nf3+ Kd5 95. Nd2 Ra2 96. Nf3 Ra3+ 97. Kf4 Rxf3+ 98. Kxf3 1/2-1/2

[Event "Astana WGP 2022"]
[Site "Astana KAZ"]
[Date "2022.09.20"]
[Round "3.6"]
[White "Paehtz, Elisabeth"]
[Black "Zhu, Jiner"]
[Result "1/2-1/2"]
[WhiteTitle "IM"]
[BlackTitle "WGM"]
[WhiteElo "2477"]
[BlackElo "2464"]
[WhiteFideId "4641833"]
[BlackFideId "8608059"]
[EventDate "2022.09.18"]

1. d4 Nf6 2. Nf3 d5 3. g3 e6 4. Bg2 Be7 5. c4 O-O 6. b3 c5 7. cxd5 Nxd5 8. O-O
Nc6 9. Bb2 cxd4 10. Nxd4 Nxd4 11. Bxd4 b6 12. Nc3 Bb7 13. Nxd5 Bxd5 14. Be3 Bxg2
15. Qxd8 Rfxd8 16. Kxg2 Ba3 17. Rad1 Rac8 18. Rxd8+ Rxd8 19. Bc1 Bc5 20. Kf3 Kf8
21. Be3 Bxe3 22. Kxe3 Rc8 23. Rd1 Ke7 24. Rd4 Rc2 25. Ra4 a5 26. b4 axb4 27.
Rxb4 Rxa2 28. Rxb6 g5 29. Rb4 Kf6 30. h4 Ra3+ 31. Ke4 1/2-1/2

[Event "Astana WGP 2022"]
[Site "Astana KAZ"]
[Date "2022.09.21"]
[Round "4.1"]
[White "Shuvalova, Polina"]
[Black "Zhu, Jiner"]
[Result "0-1"]
[WhiteTitle "IM"]
[BlackTitle "WGM"]
[WhiteElo "2510"]
[BlackElo "2464"]
[WhiteFideId "24171760"]
[BlackFideId "8608059"]
[EventDate "2022.09.18"]

1. e4 e5 2. Nf3 Nc6 3. Bb5 a6 4. Ba4 Nf6 5. O-O b5 6. Bb3 Bc5 7. c3 d6 8. d4 Bb6
9. Be3 Bg4 10. dxe5 Nxe5 11. Bxb6 Bxf3 12. gxf3 cxb6 13. f4 Nc4 14. Bxc4 bxc4
15. Nd2 O-O 16. Qf3 b5 17. Kh1 g6 18. Rg1 Kh8 19. Rad1 Qe7 20. Rde1 Rad8 21. Re3
Nh5 22. Nf1 Qf6 23. Rg4 d5 24. e5 Qf5 25. Ng3 Nxg3+ 26. hxg3 d4 27. cxd4 Rxd4
28. Kg2 Qh5 29. Re1 Rd3 30. Qe2 Qf5 31. Rh4 Qe6 32. Qe4 Kg7 33. g4 Qd5 34. f5
Re8 35. Qxd5 Rxd5 36. f4 g5 37. f6+ Kg8 38. Rh5 gxf4 39. Kf3 b4 40. Ke4 Rd6 41.
Rf5 c3 42. bxc3 bxc3 43. Rc1 Rc6 44. Kxf4 c2 45. Ke3 h6 46. g5 Kh7 47. gxh6 Kg6
48. Rf2 Rxe5+ 49. Kd4 Rec5 50. Rh2 Kh7 51. a3 Rc4+ 52. Kd5 Rc3 53. Kd4 Rxa3 54.
Rcxc2 Rxf6 55. Rcf2 Raf3 56. Rxf3 Rxf3 57. Ke5 Rb3 58. Kf6 Rb7 59. Ra2 Ra7 60.
Ra3 a5 61. Ra4 Kg8 62. Rg4+ Kh8 63. Ra4 Kh7 64. Ra1 a4 65. Ra3 Kg8 66. Ke5 Ra6
67. Rg3+ Kh8 68. Ra3 Kh7 69. Rf3 f6+ 0-1

[Event "Astana WGP 2022"]
[Site "Astana KAZ"]
[Date "2022.09.21"]
[Round "4.2"]
[White "Abdumalik, Zhansaya"]
[Black "Paehtz, Elisabeth"]
[Result "1/2-1/2"]
[WhiteTitle "GM"]
[BlackTitle "IM"]
[WhiteElo "2503"]
[BlackElo "2477"]
[WhiteFideId "13703544"]
[BlackFideId "4641833"]
[EventDate "2022.09.18"]

1. e4 c5 2. Nf3 e6 3. d4 cxd4 4. Nxd4 Nf6 5. Nc3 Nc6 6. Ndb5 d6 7. Bf4 e5 8. Bg5
a6 9. Na3 b5 10. Nd5 Be7 11. Bxf6 Bxf6 12. c3 Bg5 13. Nc2 Rb8 14. g3 O-O 15. h4
Bh6 16. Bh3 Be6 17. a3 a5 18. Nce3 Bxe3 19. Nxe3 Bxh3 20. Rxh3 b4 21. axb4 axb4
22. Kf1 bxc3 23. bxc3 Ne7 24. Kg2 Qc7 25. h5 Qc6 26. Ra4 Rbd8 27. Rc4 Qb7 28.
Rb4 Qc6 29. Qb3 Rc8 30. g4 Qd7 31. Rf3 Qe6 32. Qxe6 fxe6 33. Rb7 Rxf3 34. Kxf3
Kf7 35. Rd7 Rc6 36. c4 Ke8 37. Ra7 Kd8 38. g5 Rc7 39. Rxc7 Kxc7 40. Ng4 Ng8 41.
Ke3 Kc6 42. Kd3 h6 43. g6 Kc5 44. Kc3 Ne7 45. Ne3 Ng8 46. Ng4 Ne7 47. Ne3 Ng8 1/2-1/2

[Event "Astana WGP 2022"]
[Site "Astana KAZ"]
[Date "2022.09.21"]
[Round "4.3"]
[White "Kosteniuk, Alexandra"]
[Black "Wagner, Dinara"]
[Result "0-1"]
[WhiteTitle "GM"]
[BlackTitle "WGM"]
[WhiteElo "2521"]
[BlackElo "2358"]
[WhiteFideId "4128125"]
[BlackFideId "24157570"]
[EventDate "2022.09.18"]

1. e4 c5 2. Nc3 d6 3. f4 g6 4. Nf3 Bg7 5. Bb5+ Bd7 6. Bc4 Nc6 7. d3 e6 8. f5
Nge7 9. Ng5 d5 10. fxe6 Bxe6 11. exd5 Bxc3+ 12. bxc3 Bxd5 13. Bxd5 Qxd5 14. O-O
O-O 15. Qe1 Qe5 16. Qh4 h5 17. Ne4 f5 18. Bf4 Qg7 19. Nxc5 Qxc3 20. Bd6 Rf7 21.
Rae1 Rd8 22. Qf4 Nc8 23. Na4 Qd4+ 24. Qxd4 Nxd4 25. Bc5 Nxc2 26. Re6 Kh7 27. Rf4
Rxd3 28. Re2 b6 29. Rxc2 bxc5 30. Nxc5 Rd1+ 31. Kf2 Rc7 32. Rb4 Nd6 33. Rbb2 Rd5
34. Ne6 Ne4+ 35. Ke3 Re7 36. Rc7 Rxc7 37. Nxc7 Ra5 38. h4 Kg7 39. Kd4 Kf7 40.
Nd5 Nd6 41. Nc3 Ne4 42. Nd5 Nd6 43. Nc3 f4 44. a4 Ke6 45. Kd3 Re5 46. Rb4 Kf5
47. Rd4 Re3+ 48. Kd2 Re6 49. Kd3 Re3+ 50. Kd2 Ne4+ 51. Nxe4 Rxe4 52. Rd5+ Re5
53. Rd7 Ra5 54. Rd4 Kg4 55. Ke2 Kg3 56. Kf1 Rc5 57. Rd6 Rc1+ 58. Ke2 Rc2+ 59.
Ke1 Rxg2 60. Rxg6+ Kf3 61. Rg5 Re2+ 62. Kd1 Re4 63. a5 Kf2 64. Rxh5 f3 65. Rh7
Rd4+ 66. Kc2 Kg3 67. Rg7+ Rg4 68. Rf7 Rf4 69. Rg7+ Kxh4 70. Rh7+ Kg3 71. Rg7+
Rg4 72. Rf7 f2 73. Kd2 Rf4 0-1

[Event "Astana WGP 2022"]
[Site "Astana KAZ"]
[Date "2022.09.21"]
[Round "4.4"]
[White "Vaishali, R"]
[Black "Tan, Zhongyi"]
[Result "1/2-1/2"]
[WhiteTitle "IM"]
[BlackTitle "GM"]
[WhiteElo "2449"]
[BlackElo "2525"]
[WhiteFideId "5091756"]
[BlackFideId "8603642"]
[EventDate "2022.09.18"]

1. e4 e5 2. Nf3 Nc6 3. Bc4 Nf6 4. d3 Be7 5. O-O d6 6. a3 O-O 7. Re1 Be6 8. Nbd2
Qd7 9. h3 Rae8 10. b4 Bd8 11. Bb2 a6 12. Nf1 Ne7 13. Bxe6 fxe6 14. c4 Ng6 15. g3
h6 16. N1h2 b6 17. Bc3 c5 18. a4 Ne7 19. Ra2 a5 20. b5 Ng6 21. Kg2 Qf7 22. Ng1
Nh7 23. Kh1 Nf6 24. Kg2 Nh7 25. Kh1 Nf6 26. Ng4 Qb7 27. Kh2 Kh7 28. Rf1 Rf7 29.
Nxf6+ Bxf6 30. Qg4 Qd7 31. Re2 Ref8 32. Bd2 1/2-1/2

[Event "Astana WGP 2022"]
[Site "Astana KAZ"]
[Date "2022.09.21"]
[Round "4.5"]
[White "Goryachkina, Aleksandra"]
[Black "Assaubayeva, Bibisara"]
[Result "1/2-1/2"]
[WhiteTitle "GM"]
[BlackTitle "IM"]
[WhiteElo "2579"]
[BlackElo "2443"]
[WhiteFideId "4147103"]
[BlackFideId "13708694"]
[EventDate "2022.09.18"]

1. e4 c5 2. Nf3 d6 3. d4 cxd4 4. Nxd4 Nf6 5. Nc3 a6 6. Be3 e5 7. Nf3 Be7 8. Bc4
O-O 9. O-O Be6 10. Bxe6 fxe6 11. Na4 Ng4 12. Qd3 Nxe3 13. Qxe3 b5 14. Nb6 Ra7
15. Nd5 Rd7 16. Nxe7+ Qxe7 17. a4 b4 18. Rfd1 a5 19. Qb6 Qd8 20. Qb5 Qc7 21. Rd2
h6 22. h3 Kh7 23. Rad1 Rfd8 24. c3 bxc3 25. Rc2 Qb7 26. Qxb7 Rxb7 27. Rxc3 Rxb2
28. Nxe5 Ra2 29. Rc4 Nd7 30. Nxd7 Rxd7 31. Rcd4 d5 32. exd5 1/2-1/2

[Event "Astana WGP 2022"]
[Site "Astana KAZ"]
[Date "2022.09.21"]
[Round "4.6"]
[White "Lagno, Kateryna"]
[Black "Kashlinskaya, Alina"]
[Result "1/2-1/2"]
[WhiteTitle "GM"]
[BlackTitle "IM"]
[WhiteElo "2547"]
[BlackElo "2491"]
[WhiteFideId "14109336"]
[BlackFideId "4198026"]
[EventDate "2022.09.18"]

1. e4 e6 2. d4 d5 3. exd5 exd5 4. Nf3 Bd6 5. c4 Nf6 6. c5 Be7 7. Bd3 O-O 8. O-O
b6 9. Be3 bxc5 10. dxc5 Ng4 11. Bf4 Nf6 12. Qc2 Na6 13. Bxa6 Bxa6 14. Rd1 Ne4
15. Nc3 Nxc3 16. Qxc3 Be2 17. Rd2 Bxf3 18. Qxf3 c6 19. b4 a6 20. Re1 Bg5 21. h3
h6 22. Rd3 Re8 23. Rxe8+ Qxe8 24. Re3 Qd8 25. Bxg5 Qxg5 26. Qe2 g6 27. g3 a5 28.
Re8+ Rxe8 29. Qxe8+ Kg7 30. bxa5 Qc1+ 31. Kg2 Qc4 32. Qe5+ Kg8 33. Qb8+ Kg7 34.
Qe5+ Kg8 35. a3 Qd3 36. Qe3 Qc4 37. Qf4 Qd3 38. Qxh6 Qxa3 39. Qe3 Qxa5 40. Qe8+
Kg7 41. Qxc6 d4 42. Qd6 Qc3 43. Qe5+ Kg8 44. h4 Qc4 45. Qd6 d3 46. c6 d2 47.
Qxd2 Qxc6+ 48. Kh2 Qe4 49. Qe3 Qc4 50. Qe5 Qa2 51. Qd4 Qb3 52. Kg2 Qb7+ 53. f3
Qb3 54. g4 Qb5 55. Kg3 Qb8+ 56. Kh3 Qb3 57. Qe4 Qb5 58. Qe3 Qd5 59. Kg3 Qd6+ 60.
Kg2 Qd5 61. Qg5 Qa2+ 62. Kg3 Qa7 63. Qd2 Qc7+ 64. Kg2 Qc5 65. Qd3 Qe5 66. Qe4
Qb2+ 67. Kg3 Qb8+ 68. Kh3 Qb5 69. Qe3 Qd5 70. f4 Qb5 71. Kg3 Qd5 72. Qf3 Qc5 73.
Kh3 Kg7 74. g5 Kg8 75. Kg2 Qc2+ 76. Kg3 Qc5 77. f5 gxf5 78. h5 Qc1 79. Qxf5 Qg1+
80. Kh4 Qh2+ 81. Kg4 Qg2+ 82. Kh4 Qh2+ 1/2-1/2